01258nab a22002417a 4500999001500000003000400015005001700019008004100036040000700077100002800084245012400112260007300236300001300309500002800322505030200350505008200652650002300734650003100757650003200788650002800820773015500848942001301003 c5588d5588OSt20251219120442.0190429b xxu||||| |||| 00| 0 spa d cPJ 96565aCrisafulli, Lucas10aDiez claves sobre los sistemas democráticos de control disciplinario de las fuerzas de seguridad /cLucas Crisafulli. cCiudad Autónoma de Buenos Aires :aThomson Reuters La Ley, b2025. ap. 31-41 aCita: AR/DOC/1341/2025. aSumario: I. Introducción.— II. Modelo.— III. Ubicación institucional.— IV. Regulación.— V. Destinatarios.— VI. Control patrimonial.— VII. Vinculación con el cumplimiento de los protocolos.— VIII. Sanciones.— IX. Vinculación con el proceso penal.— X. Sistema acusatorio. tSi te interesa el texto completo, solicitalo a koha@justierradelfuego.gov.ar  09343aDERECHO PENAL 094026aFUERZAS DE SEGURIDAD 096566aREGIMEN DISCIPLINARIO 092589aPOLITICA CRIMINAL0 0265893164tRevista de derecho penal y criminología. Nº 6 - Julio 2025dCiudad Autónoma de Buenos Aires : Thomson Reuters La Ley, 2017-x00347914 2udccANA